Statistics for Game of thrones

Click here to take the quiz!

General Stats

  • This quiz has been taken 74 times
    (58 since last reset)
  • The average score is 112 of 186

Answer Stats

HintAnswer% Correct
Who is the boy that carries the stark boy beyond the wall, dies Holding the DoorHodor
98%
Who was the previous hand of the king, poisoned by his wife, after death the stark father became the new hand of the kingJon Arryn
98%
Who is the Bastard Stark Boy is becomes the King in the NorthJon Snow
98%
Who was the wife who poisoned her husband, breastfeeds her child over age, rules over the Eyrie, in love with "Littlefinger"Lysa Arryn
98%
Who is the man who has right to be king, his face was on a shadow that kills a king, dies at the siege of winterfell by a woman, controlled DragonstoneStannis Baratheon
98%
King's guard to one of the five kings, serves the mother of the starks, brought the kingslayer back to king's landingBrienne of Tarth
95%
Who is the lord that has "little birds", sails to Mereen with the dwarf to meet the dragon queenLord Varys
95%
Who wants to be the queen of the Iron throne, marries three men, dies at the great sept after it gets blown upMargaery Tyrell
95%
Who is one of the five kings that was going to side with the stark boy but gets killed by a shadow that stabs him in the heartRenly Baratheon
95%
Who is the foreign whore who the dwarf falls in love with, speaks against him at his trial, killed by being chocked.Shae
95%
Rules over the twins, his daughter was to marry the king in the north, plans the Red Wedding, killed by "No One"Walder Frey
95%
Who is reeks sister, bisexual, captured by her uncleYara Greyjoy
95%
Who is the Stark girl that learns to become "No One"Arya Stark
93%
Who is also a recruiter for the night's watch, saves the stark bastard from wight Walkers sacerficing himself.Benjen Stark
93%
Who is the Stark boy that becomes the Three Eyed RavenBrandon Stark
93%
Who is the Queen of the nine realms who has three children because of incestCersei Lannister
93%
Who is the father of five children, gets his head chopped offEddard Stark
93%
A baratheon bastard, a blacksmith, met with a Stark girl, friends with a smuggler, goes beyond the wallGendry
93%
A wildling that lived at Craster's Keep, she escaped with a crow to the wall, she has a baby named SamGilly
93%
Who becomes the King of the nine realms, ruthless, killed at his own wedding by being poisonedJoffrey Baratheon
93%
Who is the dragon queens right hand man who later is found to be a traitor, than redeemed also had been infected by greyscaleJorah Mormont
93%
Who is to marry the queen after her second child was to marry a tyrell, killed in the Great Sept, was a tyrell, was bisexualLoras Tyrell
93%
The father of two tyrell's, becomes part of the kings landing council, dies at the Great SeptMace Tyrell
93%
Who is the Red head who speaks for the Lord of LightMelisandre
93%
Who is the daughter of the queen, sent to Dorne to be safe, poisoned and dies on a boat back to King's Landing with her "uncle" (father)Myrcella Baratheon
93%
Kills his father, tortures reek, rapes a Stark girl, kills a Stark son, becomes Warden of the North and took over Winterfell, killed by his own dogs, was a bastardRamsay Snow/Bolton
93%
Who is the Stark boy who dies from an arrow to the chestRickon Stark
93%
Who is the Stark boy that dies as the previous King in the NorthRobb Stark
93%
Who is the King of the nine realms who dies from being drunk from his wife and than killed by a boarRobert Baratheon
93%
Plotted with the Freys and the Lannisters to kill the king in the north, killed by his own bastardRoose Bolton
93%
Who is the Stark girl that marries a lannister and a boltonSansa Stark
93%
Who lives with the Starks since he was 10 years old, flayed by the boltons, sides with the dragon queen, also was named "Reek"Theon Greyjoy
93%
Who is known as a dwarf, kills his father and lover, becomes the hand of the queenTyrion Lannister
93%
What is theTargaryen houses sigilA Three Headed Dragon
90%
Who is the dwarf's sellsword who trains the king slayer and fights in a trial by combat for the dwarfBronn
90%
Who is the mother of five children, has her throat slitCatelyn Stark
90%
Who is the smuggler that advises a man that has right to be king, sides with the stark bastard after the Siege at WinterfellDavos Seaworth
90%
Who is known as the "KingSlayer" also loses his handJaime Lannister
90%
Who owns the brothel's in Kings Landing, has the Stark girl marry a bolton, betrays the Stark who is hand of the king, has his throat slitPetyr "Littlefinger" Baelish
90%
Who is the prince of the Eyrie, has temper tantrumsRobyn Arryn
90%
Who is the whore that gets killed because she was spying on "littelfinger"Ros
90%
Leader of the Wight Walkers, brings people back as wights, sits on a dragon that burns down The WallThe Night King
90%
WIfe died after giving birth to the "dwarf", owns Castely Rock, dies from crossbow bolts from his son, Mastermind behind the Red WeddingTywin Lannister
90%
Who is the rightful heir of the Iron throne, dies form molton gold poured on his headViserys Targaryen
90%
What is the Lannister houses sigilA Lion
88%
Who is one of the five kings who rules over Pike, drowns to deathBalon Greyjoy
88%
What is the place called where the Lannisters own, the Kingslayers father wanted the kingslayer to be the heir to itCasterly Rock
88%
Who is known as the dragon queenDaenerysTargaryen
88%
Wants to marry the queen, kills the former leader of Pyke, sentences his nephew and niece to death, sailing to Essos to gain an armyEuron Greyjoy
88%
Who is the grand maester at Kings Landing that gets killed by being stabbed by childrenGrand Maester Pycelle
88%
Who is the clegane brother that dies in a trial by combat but is brought back to lifeGregor "The Mountain" Clegane
88%
Marries the dragon queen, dies by being smothered by a pillow than his corpse is burnt, Only in Season 1Khal Drogo
88%
What is the place called where the king of Westros residesKings Landing
88%
Who becomes a sparrow, also a lannister, stabbed below the High Sept than gets blown upLancel lannister
88%
A Stark that bares a child from a Targaryen, dies after giving birthLyanna Stark
88%
A wilding girl caught near Winterfell, seduces a greyjoy and a bolton but is killed before she can kill the warden in the northOsha
88%
A Targaryen that lays with a Stark, bares a targaryen childRhaegar Targaryen
88%
Who is a watcher on the wall, likes a" wildling", first to kill a Wight Walker in thousands of years, fatSamwell Tarley
88%
Who is known as the "dog" also served in the king's guard, saves the stark girls multiple times, has a fear of fire because of his brotherSandor "The Hound" Clegane
88%
What house says "Winter is coming"Stark
88%
Who is the Stark girls dancing teacher, killed by kings guard but only had a wooden swordSyrio Forel
88%
Loved the king in the north, killed at the red wedding, stabbed in the womb multiple timesTalisa Maegyr
88%
What house says "Fire and Blood"Targaryen
88%
What is the barrier called all the way at the top of the north that keeps the wildlings out of WesterosThe Wall
88%
Who is another bastard that sits on the Tron Throne, kills himself after the High Sept blows up with his wifeTommen Baratheon
88%
What house says "Family, Duty, Honor"Tully
88%
What house says "Growing Strong"Tyrell
88%
What is the place called where the Starks ownWinterfell
88%
What is the Stark houses sigilA Direwolf
86%
What house says "Ours is the fury"Baratheon
86%
Who lives in Dorne, her love has his head crushed during a trial by combat, kills a bastard that is daughter to the queenEllaria Sand
86%
What house says "We do not Sow"Greyjoy
86%
Who is the leader of the unsullied under the dragon queen, sleeps with the girl advisor to the dragon queenGrey Worm
86%
What is the place called that the Tyrells ownHighGarden
86%
Lord Commander of the Nights Watch, gives the Stark bastard his sword, dies by being betrayed at Craster's KeepJeor Mormont
86%
What house says "Hear me Roar"Lannister
86%
What is the Continent called where the King rulesWesteros
86%
What is the Castle called at the tunnel of The WallCastle Black
83%
Who sleeps with the dragon queen, convinces her to reopen the fighting pits, stays in Essos when she sails to WesterosDaario Naharis
83%
Season 5 Episode 3High Sparrow
83%
What house says "Unbowed, Unbent, Unbroken"Martell
83%
Who is the girl advisor to the queen, sleeps with an unsulliedMissandei
83%
Finish the Sentence: "A Lannister always---Pays His Debts
83%
Becomes the master of whispers, removed as maester because of illegal human experimentation, Brings cersei's queens guard back to lifeQyburn
83%
What is the place called that the Arryns ownThe Eyrie
83%
Who is the leader of the Sparrows, shames cersei, blown up in the High septThe High Sparrow
83%
What is the name of the seat that the king sits onThe Iron Throne
83%
What is the place called that the Freys ownThe Twins
83%
What is the Mormont sigil A Bear
81%
What is the Tyrell sigilA Rose
81%
Who cuts off Ned Starks headIlyn Payne
81%
What is the place called that the Tullys ownRiverRun
81%
A wildling, friends with the Stark batstard, a ginger, skilled fighterTormund Giantsbane
81%
A bolton, gives birth to a true heir to Winterfell, killed by her own bastard's houndsWalda Bolton
81%
What house says "As high as honor"Arryn
79%
What is the Baratheon sigilA Stag
79%
What is the Stark fathers sword nameIce
79%
A kings guard, hates the dwarf, has his eyes taken out by "no one" and killed by her, kills the Stark girls dancing teacherMeryn Trant
79%
What is "no ones" little sword calledNeedle
79%
What is the place called where the Greyjoys ownPyke
79%
Who is the head of the Slynt house, was the head of the King's Landing City watch but was sent to the wall, hides during the battle at the wall, beheaded Janos Slynt
76%
Season 4 Episode 4 | What is the name of the King Slayers sword passed down to a Tarth in which she named the swordOathkeeper
76%
What is the Greyjoy sigilA kraken
74%
What is theTully sigilA Trout
74%
What is the place called where the Martells/Sands own Dorne
74%
What is the city called that has the house of black and white and the Iron BankBravos
71%
Who teachs the Stark girl how to play the game of faces, become "no one", gives her three men to kill to escape a slave encampmentJaqen H'ghar
69%
A giant, busts down the Winterfell, got an arrow to the eye by the Bolton bastardWun Wun
67%
Season 7 Episode 1Dragonstone
64%
What is the first place the Dragon Queen takes in WesterosDragonStone
64%
What is the place called that the Boltons ownThe DreadFort
64%
Season 1 Episode 1Winter is Coming
64%
What was the Mormonts now the Stark bastards swords nameLongclaw
62%
A recruiter for the nights watch, brings one of the stark girls with him to the wall until he is killedYoren
62%
What is the Arryn houses sigilA falcon
60%
What is the Continent called where the Dragon Queen takes to gain an armyEssos
60%
What is the name of the sword that was stolen from the TarleysHeartsbane
55%
What is the Martell sigilA Spear
50%
Tells the queen in a flash back that her three children will die and she will be killed by her younger brotherMaggy the Frog
50%
What is the pyramid that holds slavery calledMereen
40%
Season 6 Episode 9Battle of the Bastards
36%
Season 1 Episode 2The Kingsroad
36%
What is the name of the king who died choking at his wedding calledWidows Wail
29%
Season 1 Episode 9Baelor
26%
Season 1 Episode 4Cripples, Bastards, and Broken things
26%
Season 3 Episode 9The Rains of Castamere
26%
Season 2 Episode 9Blackwater
21%
Season 1 Episode 10Fire and Blood
21%
Season 1 Episode 3Lord Snow
21%
Season 3 Episode 10Mhysa
21%
Season 5 Episode 8 Hardhome
19%
Season 5 Episode 10Mother's Mercy
19%
Season 4 Episode 2The Lion and the Rose
19%
Season 6 Episode 10The Winds of Winter
19%
Season 5 Episode 6Unbowed, Unbent, Unbroken
19%
Season 1 Episode 6A Golden Crown
17%
Season 7 Episode 5Eastwatch
17%
Season 6 Episode 2Home
17%
Season 3 Episode 7The Bear and the Maiden Fair
17%
Season 1 Episode 5The Wolf and the Lion
17%
Season 3 Episode 4And Now His Watch Has Ended
14%
Season 7 Episode 6Beyond the Wall
14%
Season 3 Episode 2Dark Wings, Dark Words
14%
Season 2 Episode 4Garden of Bones
14%
Season 3 Episode 5Kissed By Fire
14%
Season 6 Episode 8No One
14%
Season 6 Episode 3Oathbreaker
14%
Season 3 Episode 6The Climb
14%
Season 5 Episode 9The Dance of Dragons
14%
Season 2 Episode 5The Ghost of Harrenhal
14%
Season 2 Episode 6The Old Gods and the New
14%
Season 1 Episode 8The Pointy End
14%
Season 2 Episode 8The Prince of Winterfell
14%
Season 3 Episode 1Valar Dohaeris
14%
Season 2 Episode 10Valar Morghulis
14%
Season 2 Episode 3What is Dead May Never Die
14%
Season 2 Episode 7A Man Without Honor
12%
Season 6 Episode 4Book of the Stranger
12%
Season 4 Episode 3Breaker of Chains
12%
Season 6 Episode 5The Door
12%
Season 4 Episode 8The Mountain and the Viper
12%
Season 2 Episode 1The North Remembers
12%
Season 6 Episode 1The Red Woman
12%
Season 7 Episode 4The Spoils of War
12%
Season 3 Episode 3Walk of Punishment
12%
Season 1 Episode 7You Win or you Die
12%
Season 6 Episode 6Blood of My Blood
10%
Season 5 Episode 5Kill the Boy
10%
Season 3 Episode 8Second Sons
10%
Season 5 Episode 4Sons of the Harpy
10%
Season 6 Episode 7The Broken Man
10%
Season 4 Episode 10The Children
10%
Season 7 Episode 7The Dragon and the Wolf
10%
Season 5 Episode 7The Gift
10%
Season 5 Episode 2The House of Black and White
10%
Season 2 Episode 2The Night Lands
10%
Season 7 Episode 3The Queen's Justice
10%
Season 4 Episode 9The Watchers on the Wall
10%
Season 4 Episode 1Two Swords
10%
Season 4 Episode 5First of His Name
7%
Season 4 Episode 7Mockingbird
7%
Season 5 Episode 1The Wars to Come
7%
Season 4 Episode 6The Laws of God and Men
5%
Loved the Stark Bastard, was a wildling, dies at Castle Black during the battle at the wallYegritte
2%
Season 7 Episode 2Stormborne
0%

Score Distribution

Percentile by Number Answered

Percent of People with Each Score

Your Score History

You have not taken this quiz since the last reset